00767 2200313 4500001002100000005001500021035002000036007000300056008004100059020001800100082001000118084001600128100002200144245005400166250001100220260003500231300002100266650001800287990001400305990002100319990001400340990001400354990001400368990001400382990001400396990001400410990001400424990001500438INLIS00000000000718520251009121012 a0010-1025000105ta251009 | | ind  a979-420-716-0 a636.5 a636.5 Mul i1 aMulyantini, N.G.A1 aIlmu Manajemen Ternak Unggas /cN.G.A. Mulyantini aCet. 1 aYogyakarta :bUGM Press,c2010 a225 hlm ;c23 cm 4aTernak Unggas a3743.3/23 a3743/yoma/h/2023 a3743.2/23 a3743.4/23 a3743.5/23 a3743.6/23 a3743.7/23 a3743.8/23 a3743.9/23 a3743.10/23